Language Quiz

Random Language or Letter Quiz

English Alphabet Spelled Alphabetically Quiz Stats

Quiz not verified by Sporcle

Challenge
Share
Tweet
Embed
Score 0/26 Timer 06:00
0 Plays Today
Spelled-Out Letter % Correct
a
100%
aitch
52.2%
bee
44%
ar
42.5%
cee
41.8%
dee
37.3%
e
35.8%
double u
35.8%
zee
35.8%
eff
35.1%
el
35.1%
em
35.1%
en
35.1%
Spelled-Out Letter % Correct
cue
35.1%
ess
34.3%
ex
34.3%
gee
34.3%
i
34.3%
jay
34.3%
kay
34.3%
o
34.3%
pee
34.3%
tee
34.3%
u
34.3%
vee
34.3%
wye
20.9%

You're not logged in!

Compare scores with friends on all Sporcle quizzes.
Join for Free
OR
Log In

You Might Also Like...

Show Comments

Extras

Top Quizzes Today


Score Distribution

Your Account Isn't Verified!

In order to create a playlist on Sporcle, you need to verify the email address you used during registration. Go to your Sporcle Settings to finish the process.

Report this User

Report this user for behavior that violates our Community Guidelines.

Details: